000 00533nam a2200121Ia 4500
008 220620s9999||||xx |||||||||||||| ||und||
100 _aJun, Nathan
245 0 _aAnarchism and Political Modernity
546 _aEnglish[eng]
650 _aPolitics & International Relations||Political Theory and Philosophy (Politics)||Social and Political Philosophy (Philosophy)||Political and Legal Philosophy (Politics)||Supplementary Standard
856 _uhttps://library.oapen.org/bitstream/20.500.12657/52476/1/9781441166401.pdf
942 _cEB
999 _c31675
_d31675